000 00469nam a22001817a 4500
003 OSt
005 20180116182953.0
008 140101b xxu||||| |||| 00| 0 eng d
020 _a9780566088261
040 _a0
_c0
082 _a658.301 SAU 2009
100 _ajane Saunders
245 _aService led Design
_bPlanning the New HR Function
_cjane Saunders
260 _aUSA
_bGower
_c2009
300 _a80p.
_bPB
440 _aService led Design
942 _2ddc
_cBK
999 _c349583
_d349583